| 000 | 00633nam a22001937a 4500 | ||
|---|---|---|---|
| 999 |
_c259617 _d259616 |
||
| 003 | OSt | ||
| 005 | 20221121111111.0 | ||
| 008 | 221121b xxu||||| |||| 00| 0 eng d | ||
| 020 | _a0130081515 (hbk. : alk. paper) | ||
| 020 | _a0130462373 | ||
| 040 |
_aDLC _bEng _cDLC _erda |
||
| 050 |
_aHB171.5 _b.O 84 2002 |
||
| 100 | _a O'Sullivan, Arthur. | ||
| 245 |
_aEconomics : principles and tools / _c Arthur O'Sullivan, Steven M. Sheffrin. |
||
| 250 | _a3rd ed. | ||
| 260 |
_aUpper Saddle River, N.J. : _bPrentice Hall, _cc2003. |
||
| 300 |
_axxxii, 712 p. : ill. (some col.) ; _c26 cm. _e+ 1 CD-ROM (4 3/4 in.) |
||
| 942 |
_2lcc _cBK |
||